000 03441nam0a2200385 4500
001 RU\NLR\bibl\270793
005 20260407074601.0
021 _aRU
_b2001-62258
_93034
035 _a(NLR Aleph) 000266336
090 _a1556585
_c1556585
100 _a20020426d2001 |||y0rusy50 ca
101 0 _arus
_aeng
102 _aRU
105 _aa |||||||||
200 1 _aII российско-австралийская конференция "Актуальные проблемы оказания помощи детям с наследственной и врожденной патологией опорно-двигательного аппарата. Ортопедо-хирургические, неврологические и генетические подходы"
_dII russian-australian conference "Current problems of rendering assistance to children with a hereditary and inherent pathology of the locomotorium devices. Orthopaedo-sergical, neurological and genetic approaches"
_zeng
210 _aМ.
_cБ. и.
_d2001-2002
215 _a112 с.
_cил.
_d21
300 _aВ надзаг.: М-во здравоохранения Моск. обл., Моск. обл. дет. ортопедохирург. больница, Моск. обл. дет. психоневрол. больница, Госпиталь Милосерд. Богоматери, г. Брисбен, Австралия, Рос. межрегион. ассоц. "Надежда", Ком. "Надежда" Рус. общины, г. Брисбен, Австралия
300 _aТекст парал. : рус., англ.
320 _aБиблиогр. в конце докл.
510 1 _6z01791
_aII russian-australian conference "Current problems of rendering assistance to children with a hereditary and inherent pathology of the locomotorium devices. Orthopaedo-sergical, neurological and genetic approaches"
606 0 _aОпорно-двигательный аппарат у детей
_jСъезды, совещания и т.п.
_xБолезни
_xТерапия
_91766594
_3RU\NLR\auth\66792903
606 0 _aОпорно-двигательный аппарат детей
_jСъезды, совещания и т.п.
_xБолезни
_xТерапия
_92255033
_3RU\NLR\auth\661352415
610 0 _aОпорно-двигательный аппарат детей - Болезни - Лечение
675 _a616.71-007-053.1-082(082)
_v3
_zrus
686 _a76.29
_2rugasnti
686 _a54.18
_2rubbk
686 _aР733.418-я431(0)
710 1 2 _a"Актуальные проблемы оказания помощи детям с наследственной и врожденной патологией опорно-двигательного аппарата. Ортопедо-хирургические, неврологические и генетические подходы", российско-австралийская конференция
_d2
_f2001-2002
_eМосква
_3RU\NLR\AUTH\8810038639
_9576150
791 1 2 _8eng
_a"Current problems of rendering assistance to children with a hereditary and inherent pathology of the locomototium devices. Orthopaedo-sergical, neurological and genetic approaches", russian-australian conference
_d2
_f2001-2002
_eMoscow
_7ba
_3RU\NLR\auth\8810038640
_9576152
801 0 _aRU
_bRKP
_c20020426
_gPSBO
801 1 _aRU
_bRKP
_c20020426
801 2 _aRU
_bNLR
_c20020828
_grcr
942 _cBOOK
980 _aNB